Liturgical Languages - Statistics

General Stats
  • This quiz has been taken 41 times
  • The average score is 14 of 24
Answer Stats
Hint Answer % Correct
Roman Catholicism Latin
100%
Islam Arabic
96%
Egyptian Orthodoxy Coptic
96%
Judaism Hebrew
96%
Assyrian Orthodoxy Syriac
96%
Hinduism Sanskrit
86%
Judaism Aramaic
68%
Daoism Chinese
68%
Ethiopian Orthodoxy Ge'ez
68%
Sikhism Punjabi
64%
Druze Arabic
61%
Zen Buddhism Japanese
61%
Santeria Spanish
57%
Zoroastrianism Avestan
54%
Buddhism Pali
54%
Baha'i Persian
50%
Caodaism Vietnamese
50%
Tengrism Mongolian
46%
Yazidism Kurdish
39%
Mandaeism Mandaic
32%
Waaqeffanna Oromo
21%
Santeria Yoruba
21%
Jainism Prakrit
14%
Haymanot Judaism Ge'ez
11%
No matching quizzes found
Score Distribution
Percent of People with Each Score
Percentile by Number Answered
Your Score History
You have not taken this quiz